000
00455nam a2200181Ia 4500
008
090124s9999 xx 000 0 und d
082
_b
118583
100
_a
आफळे सुनीति
245
_a
काजवे
250
_a
1
260
_c
1980
300
_a
99
600
_a
आफळे सुनीति
630
_a
काजवे
700
_a
आफळे सुनीति
730
_a
काजवे
942
_c
BOOK
999
_c
164669
_d
164669